ARRUPE JESUIT UNIVERSITY

CORONAVIRUS -STOP THE SPREAD - CLEAN,DISINFECT,COVER

The sensual and the sublime in Angela Da Foligno's Liber (Record no. 123698)

MARC details
000 -LEADER
fixed length control field 00514nam a22001577a 4500
005 - DATE AND TIME OF LATEST TRANSACTION
control field 20151112092216.0
008 - FIXED-LENGTH DATA ELEMENTS--GENERAL INFORMATION
fixed length control field 151029b xxu||||| |||| 00| 0 eng d
050 ## - LIBRARY OF CONGRESS CALL NUMBER
Classification number BX4700.A44
Item number S129
100 ## - MAIN ENTRY--PERSONAL NAME
Personal name Sagnella, Mary Ann
9 (RLIN) 20791
245 ## - TITLE STATEMENT
Title The sensual and the sublime in Angela Da Foligno's Liber
Statement of responsibility, etc by Sagnella, Mary Ann
260 ## - PUBLICATION, DISTRIBUTION, ETC. (IMPRINT)
Place of publication, distribution, etc Ann Arbor
Name of publisher, distributor, etc The University of Connecticut
Date of publication, distribution, etc 1994
300 ## - PHYSICAL DESCRIPTION
Extent viii, 191p.;
Dimensions 22cm.
500 ## - GENERAL NOTE
General note Thesis
600 ## - SUBJECT ADDED ENTRY--PERSONAL NAME
Personal name Angela of Foligno
Titles and other words associated with a name St.
9 (RLIN) 21037
942 ## - ADDED ENTRY ELEMENTS (KOHA)
Source of classification or shelving scheme Library of Congress Classification
Item type Monograph ( Printed materials)
Holdings
Withdrawn status Lost status Source of classification or shelving scheme Damaged status Not for loan Collection code Home library Current library Shelving location Date acquired Total Checkouts Full call number Barcode Date last seen Price effective from Koha item type
    Library of Congress Classification     Main Collection ARRUPE LIBRARY ARRUPE LIBRARY Main Collection 06/11/2015   BX4700.A44 S129 80005002626 22/11/2017 06/11/2015 Monograph ( Printed materials)

 

Arrupe Library. PO Box MP320 Mt Pleasant, Harare, Zimbabwe
263 242 745411|librarian@aju.ac.zw